| 000 | 00823nam a22002297a 4500 | ||
|---|---|---|---|
| 003 | BUBTL | ||
| 008 | 240516b ||||| |||| 00| 0 eng d | ||
| 020 | _a9789389347395 | ||
| 041 | _aeng | ||
| 082 | _a658/ D8519t/ 2023 | ||
| 100 |
_95833 _aDubey, Sanjiva Shankar |
||
| 245 |
_aTechnology and Innovation Management / _cDubey, Sanjiva Shankar |
||
| 250 | _a2nd ed | ||
| 260 |
_aDelhi: _b PHI Learning Private Limited, _cc2023 |
||
| 300 |
_axxiii, 275 p. : _c24 cm |
||
| 500 | _aIncludes Index | ||
| 505 | _aTechnology and Innovation Management, Technology Strategy, Technology Management, Innovation Management, Technology Forecasting, Assessment Acquisition, Technology and Business Model | ||
| 650 | 0 |
_939 _aManagement |
|
| 856 |
_k0 _l0 _yDownload |
||
| 942 |
_2ddc _cBK |
||
| 999 |
_c7322 _d7322 |
||